Agatha Christie Novels by Any Word Quiz Stats

 Plays Quiz Updated Sep 14, 2018

Score 0/66 Timer 04:00
4 Plays Today
Series Country % Correct
Hercule PoirotMurder on the Orient Express
99.2%
Hercule PoirotThe A.B.C. Murders
99%
Hercule PoirotThe Murder on the Links
98.7%
Hercule PoirotThe Murder of Roger Ackroyd
98.7%
Miss MarpleThe Murder at the Vicarage
98.6%
Non-SeriesThe Sittaford Mystery
98.5%
Miss MarpleA Murder Is Announced
98.4%
Hercule PoirotDeath on the Nile
97.9%
Tommy and TuppenceN or M?
97.9%
Hercule PoirotTaken at the Flood
97.6%
Hercule PoirotDeath in the Clouds
97.5%
Non-SeriesDeath Comes as the End
97.3%
Hercule PoirotThe Mystery of the Blue Train
96.6%
Hercule PoirotOne, Two, Buckle My Shoe
96.2%
Tommy and TuppenceBy the Pricking of My Thumbs
96.1%
Hercule PoirotThe Mysterious Affair at Styles
96.1%
Miss MarpleThe Body in the Library
96.1%
Miss MarpleThe Mirror Crack'd from Side to Side
95.6%
Colonel RaceThe Man in the Brown Suit
95.6%
Miss MarpleA Pocket Full of Rye
95.4%
Hercule PoirotFive Little Pigs
95.4%
Superintendent BattleThe Seven Dials Mystery
95.3%
Miss MarpleA Caribbean Mystery
95.3%
Hercule PoirotThree Act Tragedy
95%
Hercule PoirotCards on the Table
95%
Hercule PoirotDumb Witness
94.6%
Hercule PoirotMurder in Mesopotamia
94.6%
Superintendent BattleThe Secret of Chimneys
94.4%
Superintendent BattleMurder Is Easy
94.4%
Hercule PoirotThe Big Four
94.3%
Non-SeriesWhy Didn't They Ask Evans?
94.1%
Hercule PoirotEvil Under the Sun
94%
Miss MarpleThey Do It with Mirrors
93.9%
Series Country % Correct
Tommy and TuppenceThe Secret Adversary
93.6%
Hercule PoirotAfter the Funeral
93.6%
Non-SeriesThe Pale Horse
93.6%
Hercule PoirotThe Clocks
93.5%
Hercule PoirotCat Among the Pigeons
93.5%
Miss MarpleThe Moving Finger
93.4%
Hercule PoirotHercule Poirot's Christmas
92.8%
Hercule PoirotThe Hollow
92.7%
Non-SeriesDestination Unknown
87.3%
Miss MarpleSleeping Murder
86.7%
Non-SeriesAnd Then There Were None
82.8%
Hercule PoirotAppointment with Death
78.9%
Colonel RaceSparkling Cyanide
76.6%
Hercule PoirotHickory Dickory Dock
76%
Hercule PoirotPeril at End House
68.8%
Miss Marple4.50 from Paddington
67.7%
Tommy and TuppencePostern of Fate
67.6%
Hercule PoirotMrs. McGinty's Dead
66.9%
Non-SeriesThey Came to Baghdad
66%
Hercule PoirotLord Edgware Dies
63.5%
Miss MarpleAt Bertram's Hotel
61.8%
Non-SeriesPassenger to Frankfurt
58.1%
Hercule PoirotDead Man's Folly
42.3%
Non-SeriesOrdeal by Innocence
40.6%
Hercule PoirotCurtain
33.3%
Hercule PoirotElephants Can Remember
33.2%
Non-SeriesCrooked House
32.5%
Miss MarpleNemesis
28.9%
Hercule PoirotThird Girl
26.8%
Non-SeriesEndless Night
25.6%
Hercule PoirotHallowe'en Party
23.5%
Superintendent BattleTowards Zero
20.5%
Hercule PoirotSad Cypress
19.9%

You're not logged in!

Compare scores with friends on all Sporcle quizzes.
OR
Log In

Show Comments

Extras

Top Quizzes Today


Score Distribution

Your Account Isn't Verified!

In order to create a playlist on Sporcle, you need to verify the email address you used during registration. Go to your Sporcle Settings to finish the process.

Report this User

Report this user for behavior that violates our Community Guidelines.

Details: